Guess the BlackPink songs by lyrics By:Max - Part 2 - Statistics

General Stats
  • This quiz has been taken 90 times
  • The average score is 13 of 16
Answer Stats
Lyric Answer % Correct
im a typa girl that everybody type Typa girl
98%
drop some money Money
97%
everything i need is on the ground On the ground
95%
when we pull up and know its a shut down Shut down
95%
im ready for love im ready for love Ready for love
92%
can i kick it Kick it
91%
kick in the door Pink venom
86%
use to be goat Solo
86%
baby get the megaphone put in on speaker Lalisa
85%
didn't wanna be the princess im priceless Lovesick girls
85%
if you really really really love me Really
85%
see you later boy See you later
85%
just say yeah yeah yeah yeah yeah yeah
85%
Everybody tell me to play nice Tally
64%
ain't nobody gonna have your back like the way i do You and me
45%
i can stop the tear if i want to happiest girls
20%
No matching quizzes found
Score Distribution
Percent of People with Each Score
Percentile by Number Answered
Your Score History
You have not taken this quiz